Industrial Relations in a New Age Economic, Social, and Managerial Perspectives
Saved in:
| Other Authors: | , |
|---|---|
| Format: | Book |
| Language: | English |
| Published: |
San Francisco
Jossey-Bass Publ.
1986
|
| Edition: | 1. ed. |
| Series: | <The> Jossey-Bass Management Series
|
| Subjects: | |
| Tags: |
No Tags, Be the first to tag this record!
|
MARC
| LEADER | 00000nam a2200000 4500 | ||
|---|---|---|---|
| 001 | c019618 | ||
| 005 | 20221207074648.0 | ||
| 020 | |a 1-55542-013-3 | ||
| 041 | 0 | |a eng | |
| 044 | |a US | ||
| 245 | 1 | 0 | |a Industrial Relations in a New Age |b Economic, Social, and Managerial Perspectives |c Edit. Clark Kerr, Paul D. Staudohar |
| 250 | |a 1. ed. | ||
| 264 | 1 | |a San Francisco |b Jossey-Bass Publ. |c 1986 | |
| 300 | |a 419 s. | ||
| 490 | 1 | |a <The> Jossey-Bass Management Series | |
| 830 | 0 | |a <The> Jossey-Bass Management Series | |
| 610 | 2 | 0 | |a vzťahy pracovné |
| 610 | 2 | 0 | |a industrial relations |
| 610 | 2 | 0 | |a pracovisko |
| 610 | 2 | 0 | |a pracovníci |
| 610 | 2 | 0 | |a pracovníci prevádzkoví |
| 610 | 2 | 0 | |a pracovníci riadiaci |
| 610 | 2 | 0 | |a pracovníci technicko-hospodárski |
| 610 | 2 | 0 | |a účasť na riadení |
| 610 | 2 | 0 | |a priemysel |
| 610 | 2 | 0 | |a spoločnosť industriálna |
| 700 | 1 | |a Kerr, Clark | |
| 700 | 1 | |a Staudohar, Paul D. | |